Statystyki dla POTRAWY KTÓRE JADAMY NA MIEŚCIE:

Kliknij tutaj aby rozwiązać quiz!

Ogólne statystyki

  • Ten quiz został rozwiązany 112 razy
  • Średni wynik to 3 z 5

Statystyki odpowiedzi

Odpowiedź% Poprawnych
PIZZA
93%
KEBAB
88%
FRYTKI
80%
BURGER
69%
PIEROGI
16%

Rozkład punktacji

Percentyl według liczby udzielonych odpowiedzi

Procent ludzi z każdym wynikiem

Twoja historia wyników

Nie rozwiązałeś tego quizu